000
00296nam a22001337a 4500
008
171003b xxu||||| |||| 00| 0 eng d
020
_a
9780767429849
041
_a
eng
080
_a
159.9
100
_a
48
101
_a
PSI
245
_a
A NEW PSYCHOLOGY OF WOMEN
_c
LIPS, H.M
942
_2
udc
_c
BK
999
_c
31380
_d
31380